| 000 | 01859nam a2200301Ia 4500 | ||
|---|---|---|---|
| 999 |
_c34743 _d34743 |
||
| 001 | 533 | ||
| 003 | GE_BSU | ||
| 005 | 20211209144214.0 | ||
| 008 | 181216s2011||||ge |||||||||||||| ||geo|| | ||
| 020 | _a9789941031465 | ||
| 040 | _cGE_BSU | ||
| 041 | _ageo | ||
| 080 | _a338.24(075.8) ე–49 | ||
| 245 |
_aეკონომიკის სახელმწიფო რეგულირება : _b(თეორიულ-მეთოდოლოგიური ასპექტები, მექანიზმები და რესურსული ბაზა) : სახელმძღვანელო : [2 წიგნად]. წ. 1 / _cევგენი ბარათაშვილი, გურამ ჯოლია, ნოდარ გრძელიშვილი [და სხვ.] ; [რედ.: რევაზ გველესიანი, მაია გონაშვილი]. |
||
| 264 |
_aთბილისი. _c2011. |
||
| 300 |
_a262 გვ. _b |
||
| 504 | _aბიბლიოგრ.: გვ. 260-262. | ||
| 653 | _aეკონომიკა | ||
| 653 | _aეკონომიკის სახელმწიფო რეგულირება | ||
| 700 |
_aჯოლია, გურამ _eავტორი _913246 |
||
| 700 |
_aგრძელიშვილი, ნოდარ _eავტორი _94965 |
||
| 700 |
_aმამალაძე, ირინე _eავტორი _913247 |
||
| 700 |
_aსეხნიაშვილი, დალი _eავტორი _913248 |
||
| 700 |
_aჩახვაშვილი, დავით _eავტორი _913249 |
||
| 700 |
_aგველესიანი, რევაზ _eრედაქტორი _93195 |
||
| 700 |
_aგონაშვილი, მაია _eრედაქტორი _913250 |
||
| 942 |
_cBK _2udc |
||